LEADER 00844cam0-22003251i-450- 001 990004223480403321 005 20040708120720.0 010 $a0-333-40752-0 035 $a000422348 035 $aFED01000422348 035 $a(Aleph)000422348FED01 035 $a000422348 100 $a19990604d1988----km-y0itay50------ba 101 0 $aeng 102 $aGB 105 $ay-------001yy 200 1 $aDoris Lessing$fRuth Whittaker 210 $aLondon$cMacmillan$d1988 215 $aVIII, 144 p.$d23 cm 225 1 $aModern novelists 610 0 $aLessing, Doris <1919-2013> 676 $a823.914$v21$zita 700 1$aWhittaker,$bRuth$0166399 801 0$aIT$bUNINA$gRICA$2UNIMARC 901 $aBK 912 $a990004223480403321 952 $aP.3 BR.C.725$fFLFBC 959 $aFLFBC 996 $aDoris Lessing$9481704 997 $aUNINA LEADER 01064nam--2200349---450- 001 990003178230203316 005 20081125161827.0 010 $a978-88-498-2037-9 035 $a000317823 035 $aUSA01000317823 035 $a(ALEPH)000317823USA01 035 $a000317823 100 $a20081125d2008----km-y0itay50------ba 101 $aita 102 $aIT 105 $a||||||||001yy 200 1 $a<>Italia vista dall'Europa$etestimonianza da Bruxelles$fGiancarlo Chevallard 210 $aSoveria Mannelli$cRubettino$d2008 215 $a214 p.$d24 cm 225 2 $aCollana di studi diplomatici$v19 410 0$1001$12001$aCollana di studi diplomatici 606 0 $aItalia$xRapporti [con l']Unione europea$2BNCF 676 $a327.4504 700 1$aCHEVALLARD,$bGiancarlo$0517728 801 0$aIT$bsalbc$gISBD 912 $a990003178230203316 951 $a327.450 CHE 1$b61770 G.$c327.450$d00168486 959 $aBK 969 $aECO 979 $aPATRY$b90$c20081125$lUSA01$h1618 996 $aItalia vista dall'Europa$9848859 997 $aUNISA